| 000 | 00518nam a2200181Ia 4500 | ||
|---|---|---|---|
| 999 |
_c22518 _d22518 |
||
| 003 | OSt | ||
| 005 | 20200319153205.0 | ||
| 008 | 190216s9999||||xx |||||||||||||| ||und|| | ||
| 020 | _a9788172047092 | ||
| 040 | _coclc | ||
| 082 |
_a297 _bUBA/I |
||
| 100 |
_aUbaid, T K _92102 |
||
| 245 | 0 |
_aIslamika Pravarthanam Oru Mughavura / _cT K Ubaid |
|
| 260 |
_bIslamic Publishing House, _c2001. _aKozhikode: |
||
| 300 | _a143p | ||
| 650 | _aIslamic Culture | ||
| 942 |
_cBK _2ddc _h297 _iUBA/I _k297 _mUBA/I |
||